Tous les pouvoirs de Ninjago - Statistiques

Statistiques générales
  • Ce quiz a été pris 297 fois
    224 depuis la dernière actualisation
  • Le résultat moyen est 22 sur 40
Statistiques - réponses
Maître élémentaire Pouvoir élémentaire % Correct
Kai, Ray... Feu
99%
Jay Foudre
99%
Zane Glace
99%
Nya, Maya, Nyad, Wojira... Eau
98%
Cole, Lilly... Terre
98%
Karlof Métal
84%
Krux et Acronix Temps
79%
Morro, Euphrasia, Wojira... Vent
77%
Tox Poison
75%
Lloyd Énergie
74%
Ash, Cinder... Fumée
74%
Sora Technologie
73%
Gravis Gravité
72%
Bolobo Nature
72%
Shade, Obscuria... Ombre
72%
Skylor, Mère de Skylor... Ambre
70%
Wu, Garmadon, Premier maître du Spinjitzu, les dragons... Création
62%
Garmadon, Lloyd, Premier maître du Spinjitzu, les Onis... Destruction
62%
Neuro Esprit
62%
Braséra Chaleur
61%
Frak Séisme
61%
Paleman Lumière
56%
Jacob Pevsner, Teelk... Son
56%
Chamille Forme
55%
Geo Assemblage
54%
Premier maître du Spinjitzu, Lloyd, Overlord Pouvoir d'or
37%
Kizzy Équilibre
33%
Overlord Ténèbres
30%
Rox Peur
27%
Zant-Tanz Plantes
27%
Kur Décomposition
25%
Nokt Force brute
24%
Zéatrix, Levo... Ondes de choc
24%
Zur Réflexes
24%
Drix Essaim
23%
Gorge Taille
22%
Mord Tension superficielle
10%
Algu Illusion
9%
Zarkt Malédiction
9%
Arccrack Propulsion
8%
Aucun quiz correspondant
Distribution des résultats
% des personnes avec chaque résultat
Percentile par nombre de réponses
Votre historique - résultats
Vous n’avez pas pris ce quiz depuis la dernière actualisation